Visualizzazione normale
Vista MARC
- TRAGEDIA
di Topical Term
Records bibliografici associati: 1
001 - CONTROL NUMBER
- control field: 37590
003 - CONTROL NUMBER IDENTIFIER
- control field: IT-RoPau
005 - DATE AND TIME OF LATEST TRANSACTION
- control field: 20151125171204.0
008 - FIXED-LENGTH DATA ELEMENTS
- fixed length control field: 151125|| aca||aabn | a|a d
040 ## - CATALOGING SOURCE
- Original cataloging agency: IT-RoPau
- Transcribing agency: IT-RoPau
150 ## - HEADING--TOPICAL TERM
- Topical term or geographic name entry element: TRAGEDIA
- : TV-TEATRO/DANZA [VHS]
- General subdivision: Codice MATERIA SPICS: 9961
670 ## - SOURCE DATA FOUND
- Source citation: Work cat.: (IT-RoPau)104774: Sofocle Codice regista SPICS: 1149 37588, EDIPO RE EDIPO RE (Rif. Codice opera principale : C6459)